| 000 | 02099namaa2200397uu 4500 | ||
|---|---|---|---|
| 001 | doab135182 | ||
| 003 | oapen | ||
| 005 | 20260218110428.0 | ||
| 006 | m o d | ||
| 007 | cr|mn|---annan | ||
| 008 | 240307s2024 xx |||||o ||| 0|eng d | ||
| 020 | _a9781837693344 | ||
| 020 | _a9781837693351 | ||
| 020 | _a9781837693368 | ||
| 020 | _aintechopen.111231 | ||
| 024 | 7 |
_a10.5772/intechopen.111231 _2doi |
|
| 040 |
_aoapen _coapen _d |
||
| 041 | 0 | _aeng | |
| 042 | _adc | ||
| 720 | 1 |
_aBoulanger, Pierre _4edt |
|
| 245 | 0 | 0 |
_aApplications of Augmented Reality _bCurrent State of the Art |
| 260 |
_bIntechOpen _c2024 |
||
| 300 | _a1 online resource (240 p.) | ||
| 336 |
_atext _btxt _2rdacontent |
||
| 337 |
_acomputer _bc _2rdamedia |
||
| 338 |
_aonline resource _bcr _2rdacarrier |
||
| 506 | 0 |
_fUnrestricted online access _2star |
|
| 520 | _aAugmented Reality (AR) uses information in the form of text, graphics, audio, and other virtual enhancements that are registered with real-world objects in real-time. AR enhances the user's interaction with the real world and provides added value over virtual reality. This book presents various AR applications ranging from real-time information display and applications in the construction industry and architecture to medical applications. It provides an overview of how AR is applied in these areas and showcases the current state of the art. This book is essential reading not only for researchers and technology developers but also for students (both graduates and undergraduates) and anyone who is interested in the application of AR technology in practice. | ||
| 540 |
_aCreative Commons _fhttps://creativecommons.org/licenses/by/3.0/ _2cc _uhttps://creativecommons.org/licenses/by/3.0/ |
||
| 546 | _aEnglish | ||
| 650 | 7 |
_aComputer science _2bicssc |
|
| 720 | 1 |
_aBoulanger, Pierre _4oth |
|
| 793 | 0 | _aDOAB Library. | |
| 856 |
_uhttps://docs.google.com/spreadsheets/d/1yKIrdCPDAG_9c22mwoOIO2DOhtj65Wqa/edit?usp=sharing&ouid=106555315294820607512&rtpof=true&sd=true _yList of Curated E-Books |
||
| 942 | _cE-BOOK | ||
| 999 |
_c80961 _d80960 |
||